<?xml version="1.0" encoding="UTF-8"?>
<record
    xmlns:xsi="http://www.w3.org/2001/XMLSchema-instance"
    xsi:schemaLocation="http://www.loc.gov/MARC21/slim http://www.loc.gov/standards/marcxml/schema/MARC21slim.xsd"
    xmlns="http://www.loc.gov/MARC21/slim">

  <leader>00413nam a22001817a 4500</leader>
  <datafield tag="999" ind1=" " ind2=" ">
    <subfield code="c">10725</subfield>
    <subfield code="d">10725</subfield>
  </datafield>
  <controlfield tag="003">OSt</controlfield>
  <controlfield tag="008">210722b           ||||| |||| 00| 0 eng d</controlfield>
  <datafield tag="020" ind1=" " ind2=" ">
    <subfield code="a">9780199457069</subfield>
  </datafield>
  <datafield tag="082" ind1=" " ind2=" ">
    <subfield code="a">621.38216 KUC</subfield>
  </datafield>
  <datafield tag="100" ind1=" " ind2=" ">
    <subfield code="a">KUMAR,Sanjay</subfield>
  </datafield>
  <datafield tag="245" ind1=" " ind2=" ">
    <subfield code="a">Communication Skills</subfield>
  </datafield>
  <datafield tag="250" ind1=" " ind2=" ">
    <subfield code="a">2nd</subfield>
  </datafield>
  <datafield tag="260" ind1=" " ind2=" ">
    <subfield code="a">New Delhi</subfield>
    <subfield code="b">Oxford </subfield>
    <subfield code="c">2019</subfield>
  </datafield>
  <datafield tag="300" ind1=" " ind2=" ">
    <subfield code="a">601</subfield>
  </datafield>
  <datafield tag="650" ind1=" " ind2=" ">
    <subfield code="a">Applied Sc.</subfield>
  </datafield>
  <datafield tag="700" ind1=" " ind2=" ">
    <subfield code="a">LATA,Pushp</subfield>
  </datafield>
  <datafield tag="942" ind1=" " ind2=" ">
    <subfield code="2">ddc</subfield>
    <subfield code="c">BK</subfield>
    <subfield code="0">1</subfield>
  </datafield>
  <datafield tag="952" ind1=" " ind2=" ">
    <subfield code="0">0</subfield>
    <subfield code="1">0</subfield>
    <subfield code="2">ddc</subfield>
    <subfield code="4">0</subfield>
    <subfield code="7">0</subfield>
    <subfield code="8">APPLIED</subfield>
    <subfield code="a">PIET</subfield>
    <subfield code="b">PIET</subfield>
    <subfield code="d">2021-07-01</subfield>
    <subfield code="e">Kirti Praskshan</subfield>
    <subfield code="f">IN Rupees</subfield>
    <subfield code="g">685.00</subfield>
    <subfield code="k">IN2215</subfield>
    <subfield code="l">0</subfield>
    <subfield code="o">621.38216 KUC</subfield>
    <subfield code="p">33091</subfield>
    <subfield code="r">2021-07-22 00:00:00</subfield>
    <subfield code="v">472.65</subfield>
    <subfield code="w">2021-07-01</subfield>
    <subfield code="y">BK</subfield>
  </datafield>
  <datafield tag="952" ind1=" " ind2=" ">
    <subfield code="0">0</subfield>
    <subfield code="1">0</subfield>
    <subfield code="2">ddc</subfield>
    <subfield code="4">0</subfield>
    <subfield code="7">0</subfield>
    <subfield code="8">APPLIED</subfield>
    <subfield code="a">PIET</subfield>
    <subfield code="b">PIET</subfield>
    <subfield code="d">2021-09-14</subfield>
    <subfield code="e">Kirti Prakashan</subfield>
    <subfield code="f">indian rup</subfield>
    <subfield code="g">685.00</subfield>
    <subfield code="k">IN2479</subfield>
    <subfield code="l">0</subfield>
    <subfield code="o">658.45 KUC</subfield>
    <subfield code="p">33178</subfield>
    <subfield code="r">2021-09-14 00:00:00</subfield>
    <subfield code="v">465.80</subfield>
    <subfield code="w">2021-09-14</subfield>
    <subfield code="y">BK</subfield>
  </datafield>
  <datafield tag="952" ind1=" " ind2=" ">
    <subfield code="0">0</subfield>
    <subfield code="1">0</subfield>
    <subfield code="2">ddc</subfield>
    <subfield code="4">0</subfield>
    <subfield code="7">0</subfield>
    <subfield code="8">APPLIED</subfield>
    <subfield code="a">PIET</subfield>
    <subfield code="b">PIET</subfield>
    <subfield code="d">2021-09-14</subfield>
    <subfield code="e">Kirti Prakashan</subfield>
    <subfield code="f">indian rup</subfield>
    <subfield code="g">685.00</subfield>
    <subfield code="k">IN2479</subfield>
    <subfield code="l">1</subfield>
    <subfield code="o">658.45 KUC</subfield>
    <subfield code="p">33179</subfield>
    <subfield code="r">2023-09-26 00:00:00</subfield>
    <subfield code="s">2023-09-12</subfield>
    <subfield code="v">465.80</subfield>
    <subfield code="w">2021-09-14</subfield>
    <subfield code="y">BK</subfield>
  </datafield>
  <datafield tag="952" ind1=" " ind2=" ">
    <subfield code="0">0</subfield>
    <subfield code="1">0</subfield>
    <subfield code="2">ddc</subfield>
    <subfield code="4">0</subfield>
    <subfield code="7">0</subfield>
    <subfield code="8">APPLIED</subfield>
    <subfield code="a">PIET</subfield>
    <subfield code="b">PIET</subfield>
    <subfield code="d">2021-09-14</subfield>
    <subfield code="e">Kirti Prakashan</subfield>
    <subfield code="f">indian rup</subfield>
    <subfield code="g">685.00</subfield>
    <subfield code="k">IN2479</subfield>
    <subfield code="l">3</subfield>
    <subfield code="o">658.45 KUC</subfield>
    <subfield code="p">33180</subfield>
    <subfield code="r">2025-03-05 00:00:00</subfield>
    <subfield code="s">2025-03-03</subfield>
    <subfield code="v">465.80</subfield>
    <subfield code="w">2021-09-14</subfield>
    <subfield code="y">BK</subfield>
  </datafield>
  <datafield tag="952" ind1=" " ind2=" ">
    <subfield code="0">0</subfield>
    <subfield code="1">0</subfield>
    <subfield code="2">ddc</subfield>
    <subfield code="4">0</subfield>
    <subfield code="7">0</subfield>
    <subfield code="8">APPLIED</subfield>
    <subfield code="a">PIET</subfield>
    <subfield code="b">PIET</subfield>
    <subfield code="d">2021-09-14</subfield>
    <subfield code="e">Kirti Prakashan</subfield>
    <subfield code="f">indian rup</subfield>
    <subfield code="g">685.00</subfield>
    <subfield code="k">IN2479</subfield>
    <subfield code="l">2</subfield>
    <subfield code="o">658.45 KUC</subfield>
    <subfield code="p">33181</subfield>
    <subfield code="r">2024-09-09 00:00:00</subfield>
    <subfield code="s">2024-05-15</subfield>
    <subfield code="v">465.80</subfield>
    <subfield code="w">2021-09-14</subfield>
    <subfield code="y">BK</subfield>
  </datafield>
  <datafield tag="952" ind1=" " ind2=" ">
    <subfield code="0">0</subfield>
    <subfield code="1">0</subfield>
    <subfield code="2">ddc</subfield>
    <subfield code="4">0</subfield>
    <subfield code="7">0</subfield>
    <subfield code="8">APPLIED</subfield>
    <subfield code="a">PIET</subfield>
    <subfield code="b">PIET</subfield>
    <subfield code="d">2021-09-14</subfield>
    <subfield code="e">Kirti Prakashan</subfield>
    <subfield code="f">indian rup</subfield>
    <subfield code="g">685.00</subfield>
    <subfield code="k">IN2479</subfield>
    <subfield code="l">1</subfield>
    <subfield code="o">658.45 KUC</subfield>
    <subfield code="p">33182</subfield>
    <subfield code="r">2023-09-22 00:00:00</subfield>
    <subfield code="s">2023-09-12</subfield>
    <subfield code="v">465.80</subfield>
    <subfield code="w">2021-09-14</subfield>
    <subfield code="y">BK</subfield>
  </datafield>
</record>
